Hamburger SV 2024/25 Squad - Statistics

General Stats
  • This quiz has been taken 42 times
  • The average score is 24 of 35
Answer Stats
Jersey number Answer % Correct
1 Daniel Heuer Fernandes
97%
27 Davie Selke
97%
9 Robert Glatzel
97%
4 Sebastian Schonlau
97%
7 Jean Luc Dompe
94%
28 Miro Muheim
94%
12 Tom Mickel
94%
19 Matheo Raab
92%
23 Jonas Meffert
89%
14 Ludovit Reis
89%
8 Daniel Elfadli
86%
49 Otto Stange
86%
11 Ransford Yeboah Königsdörffer
86%
18 Bakery Jatta
83%
45 Fabio Balde
83%
2 William Mikelbrencis
83%
10 Immanuel Pherai
81%
5 Dennis Hadzikadunic
75%
30 Silvan Hefti
69%
6 Lukasz Poreba
67%
29 Emir Sahiti
64%
44 Mario Vuskovic
64%
33 Noah Katterbach
64%
17 Adam Karabec
61%
38 Alexander Rossing-Lelesiit
56%
40 Hannes Hermann
56%
20 Marco Richter
56%
22 Aboubakar Soumahoro
50%
16 Adedire Mebude
44%
48 Bilal Yalcinkaya
36%
21 Levin Öztunali
36%
39 Joel Agyekum
31%
37 Valon Zumberi
28%
36 Milad Nejad
19%
47 Nicolas Oliveira Kisilowski
14%
No matching quizzes found
Score Distribution
Percent of People with Each Score
Percentile by Number Answered
Your Score History
You have not taken this quiz